Direito constitucional tributr̀io na Amřica Latina

Detalles Bibliográficos
Autor principal: ℓvila, Mr̀cio
Otros Autores: Casamasso, Marco
Formato: eBook
Lenguaje:portugués
Publicado: Rio de Janeiro: Editora Processo, 2020
Materias:
Acceso en línea:Acceso restringido

MARC

LEADER 00000nam a22000007a 4500
005 2022072009289.0
007 cr|||| ||||
008 220720s2020 br |||||s|||| 00||0 por d
020 |a 978-85-93741-93-7 
035 |a 36757 
040 |a vLex 
090 |c 13619  |d 13619 
100 1 |a ℓvila, Mr̀cio 
245 1 0 |a Direito constitucional tributr̀io na Amřica Latina  |h [Recurso electrn̤ico] /  |c Mr̀cio ℓvila, Marco Casamasso 
256 |a Servicio en ln̕ea 
260 |a Rio de Janeiro:  |b Editora Processo,  |c 2020 
300 |a 1 recurso electrn̤ico 
500 |a O presente livro ̌fruto dos estudos e pesquisas efetuadas na disciplina Direito Constitucional Tributr̀io, lecionada pelo Professor Dr. Mr̀cio ℓvila no Mestrado em Direito Constitucional da UFF-Niteri̤ (Programa de Ps̤-Graduaȯ̂ em Direito Constitucional - PPGDC). O Professor Dr. Marco Aurľio Lagreca Casamasso, coordenador do PPGDC, organizou e estruturou esta obra. A temt̀ica abordada ̌o Direito Constitucional Tributr̀io na Amřica Latina. Cada artigo contm̌ o estudo sistemt̀ico ou tp̤ico do sistema constitucional tributr̀io de determinado Estado da regiô. 
506 1 |a Disponible solo en los productos indicados  |d vLex Global  |d vLex Global (Academic Edition, excluding Law Schools)  |d vLex Global (U.S. Academic Edition, Law Schools)  |d vLex Global (U.S. Academic Edition, excluding Law Schools)  |d vLex Global (Academic Edition, Law Schools) 
650 0 4 |a Derecho Constitucional  |z Brasil 
700 1 |a Casamasso, Marco 
740 0 |a vLex Libros (Servicio en ln̕ea) 
856 4 0 |u https://app.vlex.com/#/sources/36757  |z Acceso restringido 
942 |c BOOK 
999 0 |a Constitutional right